000 00681nam a2200121Ia 4500
008 220620s9999||||xx |||||||||||||| ||und||
245 0 _aSocial Statistics and Ethnic Diversity: Cross-National Perspectives in Classifications and Identity Politics
546 _aEnglish[eng]
650 _aMigration||Population Economics||Sociology, general||Political Science||Human Geography
700 _aSimon, Patrick||Piché, Victor||Gagnon, Amélie A.
856 _uhttps://library.oapen.org/bitstream/20.500.12657/27963/1/1002036.pdf||https://library.oapen.org/bitstream/20.500.12657/27963/1/1002036.pdf||https://library.oapen.org/bitstream/20.500.12657/27963/1/1002036.pdf
942 _cEB
999 _c32058
_d32058